00847nam a2200205 i 450000100060000000300090000600500170001500700030003200800410003508000100007610000200008624502430010626000700034930000210041965000280044065000300046870000300049871000510052885200620057918780ES-MaACL20251009200106.0t|020313s2001 sp |||| | spa d a78.011 aBarce, Ramón.10aNaturaleza, símbolo y sonido b: discurso del académico electo Excmo. Sr. D. Ramón Barce Benito, leído en el Acto de su recepción pública el día 21 de enero de 2001 y contestación del Excmo. Sr. D. Antonio Gallego Gallego. aMadrid : bReal Academia de Bellas Artes de San Fernando, c2001. a38 p. ; c24 cm.14aMúsica-xFilosofía. 7aEstética musical2embne1 aGallego, Antonio, d1942-2 aReal Academia de Bellas Artes de San Fernando. aES-MaACLjL-25343 z. - Dedicatoria autógrafa del autor